Conserving Energy
| Main Author: | |
|---|---|
| Format: | Book |
| Published: |
London :
Franklin Watts ,
1991
|
| Series: | What we can do about
|
| Subjects: |
MARC
| LEADER | 00000cam a2200000 7i4500 | ||
|---|---|---|---|
| 001 | 0000007688 | ||
| 002 | 000008258 | ||
| 005 | 20000330.0 | ||
| 020 | |a 0749605308 | ||
| 090 | 0 | 0 | |a J 363.7 |b WHA |
| 100 | 1 | |a Bailey, Donna | |
| 245 | 1 | 0 | |a Conserving Energy |c Donna Bailey |
| 260 | |a London : |b Franklin Watts , |c 1991 | ||
| 300 | |a 30 p. : |b ill. ; |c 21 cm. | ||
| 490 | 0 | |a What we can do about | |
| 650 | 0 | 0 | |a Energy |x Juvenile literature |
| 999 | |a 026894 |b BUKU |c PINJAMAN |e PERPUSTAKAAN KOMUNITI PETALING JAYA | ||